00255nam a2200097Ia 4500008004100000041000800041100001700049245004100066260003500107650001500142231219s9999 xx 000 0 und d aeng aRamachandran aManaging A New Business Successfully bGlobal Business Press Delhi95  aManagement